000 00371nam a2200157Ia 4500
008 241228s9999 xx 000 0 und d
020 _a9780367490812`
082 _a576.5 STR/G
100 _aStrachan, Tom
245 0 _aGenetics and genomics in medicine
260 _aBoca Raton,
260 _bCRC Press,
260 _c2023
300 _axviii, 534p.
942 _cBK
999 _c40129
_d40129